[Event "Practice your practise"]
[Site "SchemingMind.com"]
[Date "2013.03.31"]
[Round "-"]
[White "kubinet"]
[Black "cnile"]
[Result "0-1"]
[WhiteCountry "GER"]
[BlackCountry "SCO"]
[WhiteElo "1334"]
[WhiteRD "51"]
[BlackElo "1533"]
[BlackRD "59"]
[GameID "329514"]

1. e4 e5 2. Nf3 Nc6 3. Bb5 a6 4. Ba4 Nf6 5. O-O Be7 6. Re1 b5 7. Bb3 O-O 8. c3 d6 9. h3 Nb8 10. d4 Nbd7
11. Nbd2 Bb7 12. Bc2 Re8 13. Nf1 Bf8 14. Bg5 g6 15. Qd2 d5 16. exd5 Bxd5
0-1

[Event "Practice your practise"]
[Site "SchemingMind.com"]
[Date "2013.04.01"]
[Round "-"]
[White "cnile"]
[Black "kubinet"]
[Result "1-0"]
[WhiteCountry "SCO"]
[BlackCountry "GER"]
[WhiteElo "1533"]
[WhiteRD "59"]
[BlackElo "1334"]
[BlackRD "51"]
[GameID "329515"]

1. Nf3 Nf6 2. c4 e6 3. g3 d5 4. Bg2 c6 5. cxd5 exd5 6. O-O Bd6 7. Nc3 O-O 8. d3 h6 9. Bd2 Nbd7 10. d4 Re8
11. e3 Nb6 12. b3 Bg4 13. h3 Bf5 14. Nh4 Bh7 15. Re1 Qd7 16. a3
1-0

[Event "Practice your practise"]
[Site "SchemingMind.com"]
[Date "2013.04.09"]
[Round "-"]
[White "Archon"]
[Black "cnile"]
[Result "0-1"]
[WhiteCountry "CAN"]
[BlackCountry "SCO"]
[WhiteElo "1675"]
[WhiteRD "53"]
[BlackElo "1533"]
[BlackRD "59"]
[GameID "329970"]

1. Nf3 Nf6 2. c4 g6 3. Nc3 Bg7 4. d4 O-O 5. e4 d6 6. Be2 Nbd7 7. h3 c5 8. Be3 cxd4 9. Nxd4 Nc5 10. O-O Ncxe4
11. Nxe4 Nxe4 12. Rc1 Bd7 13. Bf3 Nc5 14. b4 Ne6 15. Bxb7 Rb8 16. Nxe6 Bxe6 17. Ba6 Rxb4 18. Bb5 a5 19. a4 Qc7 20. c5 dxc5
21. Rxc5 Qb7 22. Bc6 Qb8 23. Bb5 Rd8 24. Qc1 Bb3 25. Rc7 Bf8 26. Bh6 Bxh6
0-1

[Event "Practice your practise"]
[Site "SchemingMind.com"]
[Date "2013.04.09"]
[Round "-"]
[White "Archon"]
[Black "kubinet"]
[Result "1-0"]
[WhiteCountry "CAN"]
[BlackCountry "GER"]
[WhiteElo "1675"]
[WhiteRD "53"]
[BlackElo "1334"]
[BlackRD "51"]
[GameID "329971"]

1. Nf3 Nf6 2. c4 e6 3. g3 d5 4. Bg2 c6 5. b3 Be7 6. e3 O-O 7. Bb2 Nbd7 8. O-O dxc4 9. bxc4 Qc7 10. d4 Rd8
11. Qe2 Nb6 12. Nbd2 Na4 13. Nb3 Nxb2 14. Qxb2
1-0

[Event "Practice your practise"]
[Site "SchemingMind.com"]
[Date "2013.04.11"]
[Round "-"]
[White "cnile"]
[Black "Archon"]
[Result "0-1"]
[WhiteCountry "SCO"]
[BlackCountry "CAN"]
[WhiteElo "1533"]
[WhiteRD "59"]
[BlackElo "1675"]
[BlackRD "53"]
[GameID "329972"]

1. Nf3 d6 2. c4 e5 3. Nc3 f5 4. g3 Be7 5. d3 Nf6 6. Bg2 Nc6 7. Bg5 O-O 8. O-O Kh8 9. Bxf6 Bxf6 10. e4 Be6
11. Re1 Qd7 12. Qd2 Ne7 13. exf5 Bxf5 14. Ne4 c6 15. b4 Rad8 16. a4 a6 17. b5 axb5 18. cxb5 Bxe4 19. Rxe4 Ng6 20. Qb4 Rfe8
21. bxc6 bxc6 22. a5 d5 23. Rxe5 Nxe5 24. a6 Nxd3 25. Qd2 Bxa1 26. Qxd3 Ra8 27. Ng5 g6 28. Be4 Rxe4 29. Qa3 Re1+ 30. Kg2 Bg7
31. Qa5 Qe7 32. h4 d4 33. a7 Rxa7
0-1

[Event "Practice your practise"]
[Site "SchemingMind.com"]
[Date "2013.04.11"]
[Round "-"]
[White "kubinet"]
[Black "Archon"]
[Result "0-1"]
[WhiteCountry "GER"]
[BlackCountry "CAN"]
[WhiteElo "1334"]
[WhiteRD "51"]
[BlackElo "1675"]
[BlackRD "53"]
[GameID "329973"]

1. e4 d6 2. d4 Nf6 3. Nc3 g6 4. f4 Bg7 5. Nf3 c5 6. dxc5 Qa5 7. Qe2 Qxc5 8. Be3 Qa5 9. O-O-O Nc6 10. Nd4 O-O
11. Qd2 Bd7 12. Bc4 Rac8 13. Bb3 Nxd4
0-1

[Event "Practice your practise"]
[Site "SchemingMind.com"]
[Date "2013.04.09"]
[Round "-"]
[White "ray winteringham"]
[Black "cnile"]
[Result "0-1"]
[WhiteCountry "ENG"]
[BlackCountry "SCO"]
[WhiteElo "1514"]
[WhiteRD "50"]
[BlackElo "1488"]
[BlackRD "61"]
[GameID "329983"]

1. d4 Nf6 2. Nc3 d5 3. Nf3 Bf5 4. e3 e6 5. Be2 h6 6. b3 Bb4 7. Bb2 Ne4 8. Qd3 Nd7 9. O-O Nxc3 10. Qxc3 Bxc3
11. Bxc3 c5 12. Rac1 Rc8 13. dxc5 Rxc5 14. Bxg7 Rh7 15. Bd4 Rxc2 16. Bb5 Rxc1 17. Rxc1 a6 18. Bxd7+ Qxd7 19. Ne5 Qb5 20. Rc8+ Ke7
21. Rc7+ Kf8 22. Nd7+ Ke7 23. Nf6+ Kd6 24. Rc1 e5 25. Bc5+ Ke6 26. Nxh7 Bxh7 27. g3 Be4 28. Bf8 Qe2
0-1

[Event "Practice your practise"]
[Site "SchemingMind.com"]
[Date "2013.04.11"]
[Round "-"]
[White "ray winteringham"]
[Black "Archon"]
[Result "1-0"]
[WhiteCountry "ENG"]
[BlackCountry "CAN"]
[WhiteElo "1514"]
[WhiteRD "50"]
[BlackElo "1659"]
[BlackRD "55"]
[GameID "329984"]

1. e4 d6 2. d4 Nf6 3. Nc3 g6 4. Bd3 c6 5. Be3 b5 6. h3 a6 7. Nf3 Bb7 8. O-O Bg7 9. Ne2 Nbd7 10. a4 O-O
11. b3 c5 12. d5 Nb6 13. a5 Nbd7 14. c3 Rc8 15. b4 cxb4 16. cxb4 e6 17. dxe6 fxe6 18. Ng5 Ne5 19. Nxe6 Qe7 20. Nxf8 Qxf8
21. f4 Nxd3 22. Qxd3 Nxe4 23. Rac1 Nf6 24. Nd4 Qe7 25. Rxc8+ Bxc8 26. Rc1 Bb7 27. Nc6 Qe4 28. Qxe4 Nxe4 29. Ne7+ Kf8 30. Rc7 Ba8
31. Ra7 Nc3 32. Nxg6+ hxg6 33. Rxa8+ Kf7 34. Rxa6 Ne4 35. Rb6 d5 36. a6 d4 37. Rb7+ Kg8 38. Rxg7+ Kxg7 39. Bxd4+ Kf7 40. a7
1-0

[Event "Practice your practise"]
[Site "SchemingMind.com"]
[Date "2013.04.09"]
[Round "-"]
[White "ray winteringham"]
[Black "kubinet"]
[Result "1-0"]
[WhiteCountry "ENG"]
[BlackCountry "GER"]
[WhiteElo "1583"]
[WhiteRD "47"]
[BlackElo "1334"]
[BlackRD "51"]
[GameID "329985"]

1. d4 Nf6 2. Nc3 d5 3. b3 Bf5 4. e3 e6 5. Bb2 Be7 6. Nf3 h6 7. Be2 O-O 8. O-O Nbd7 9. Na4 a6 10. c4 c6
11. c5 b6 12. b4 b5 13. Nc3 a5 14. a3 axb4 15. Na2
1-0

[Event "Practice your practise"]
[Site "SchemingMind.com"]
[Date "2013.04.10"]
[Round "-"]
[White "cnile"]
[Black "ray winteringham"]
[Result "0-1"]
[WhiteCountry "SCO"]
[BlackCountry "ENG"]
[WhiteElo "1488"]
[WhiteRD "61"]
[BlackElo "1514"]
[BlackRD "50"]
[GameID "329986"]

1. Nf3 d5 2. c4 dxc4 3. e4 Bg4 4. Bxc4 e6 5. h3 Bh5 6. Nc3 Bc5 7. O-O Ne7 8. d3 a6 9. Bf4 Nbc6 10. a3 Ng6
11. Bg3 Nge7 12. Qb3 Bb6 13. Rac1 Bxf3 14. gxf3 Nd4 15. Qd1 Ng6 16. Kg2 O-O 17. Ba2 c5 18. f4 f5 19. f3 Bc7 20. e5 h5
21. Ne2 Nxe2 22. Qxe2 b6 23. Bxe6+ Kh8 24. Qc2 Ne7 25. Rfe1 Nc6 26. Bf2 Nd4 27. Bxd4 Qxd4 28. Qc3 Qxf4 29. Re4 Qh6 30. Rh4 Qg5+
31. Rg4 fxg4 32. fxg4 Bxe5 33. Qc4 Qd2+ 34. Kg1 Qh2#
0-1

[Event "Practice your practise"]
[Site "SchemingMind.com"]
[Date "2013.04.11"]
[Round "-"]
[White "Archon"]
[Black "ray winteringham"]
[Result "1-0"]
[WhiteCountry "CAN"]
[BlackCountry "ENG"]
[WhiteElo "1659"]
[WhiteRD "55"]
[BlackElo "1514"]
[BlackRD "50"]
[GameID "329987"]

1. Nf3 d5 2. e3 Nc6 3. Bb5 Bd7 4. d4 a6 5. Be2 g6 6. b3 Bg7 7. Bb2 e6 8. Nbd2 Nge7 9. O-O O-O 10. c4 dxc4
11. bxc4 Qb8 12. a4 a5 13. Rb1 b6 14. Ba3 Re8 15. Re1 Qa7 16. Qc2 Nd8 17. c5 Nd5 18. cxb6 cxb6 19. Rec1 Nb7 20. Bb5 Rec8
21. Qb2 Bxb5 22. axb5 Bf6 23. Ne4 Bg7 24. Nfg5 Rd8 25. Rc6 Rdc8 26. Rbc1 Qb8 27. Bd6 Nxd6 28. Nxd6 Rc7 29. Ngxf7 Rxf7 30. Rc8+ Qxc8
31. Nxc8 Rxc8 32. Rxc8+ Bf8 33. Qc2 Nb4 34. Qb3 Re7 35. g3 Kg7 36. Qc4 Nd5 37. e4 Nf6 38. f3 Ne8 39. Qc6 Nf6 40. Qxb6 Rd7
41. Rc7 Bb4 42. Rxd7+
1-0

[Event "Practice your practise"]
[Site "SchemingMind.com"]
[Date "2013.04.10"]
[Round "-"]
[White "kubinet"]
[Black "ray winteringham"]
[Result "0-1"]
[WhiteCountry "GER"]
[BlackCountry "ENG"]
[WhiteElo "1334"]
[WhiteRD "51"]
[BlackElo "1583"]
[BlackRD "47"]
[GameID "329988"]

1. e4 e5 2. Nf3 Nf6 3. Nxe5 Qe7 4. d4 Nxe4 5. Bd3 Nd6 6. O-O Qf6 7. Re1 Be7 8. Nc3 g6 9. Nd5 Qg7 10. Nxe7 Kxe7
11. Nxg6+ Kd8 12. Nxh8 Qxh8 13. Bg5+ f6 14. Bh4 Nc6
0-1

[Event "Practice your practise"]
[Site "SchemingMind.com"]
[Date "2013.04.14"]
[Round "-"]
[White "eun77"]
[Black "cnile"]
[Result "0-1"]
[WhiteCountry "ISR"]
[BlackCountry "SCO"]
[WhiteElo "1373"]
[WhiteRD "54"]
[BlackElo "1507"]
[BlackRD "63"]
[GameID "330276"]

1. c4 Nf6 2. d3 c5 3. e4 Nc6 4. Nf3 d6 5. h3 g6 6. Be2 Bg7 7. O-O Bd7 8. Bg5 O-O 9. Bxf6 Bxf6 10. Nc3 e6
11. a3 a6 12. Rc1 Rb8 13. Re1 b5 14. Nh2 b4 15. axb4 cxb4 16. Na4 Nd4 17. b3 Bxa4 18. bxa4 b3 19. Rb1 Qa5 20. Nf3 Nc2
21. Nd2 Nxe1 22. Qxe1 b2 23. Qd1 Bd4 24. Qc2 Rb4 25. Nb3 Qxa4 26. Nxd4 Qxc2 27. Nxc2 Rb7 28. Ne3 a5 29. c5 dxc5 30. Nc4 a4
31. Bd1 Ra8 32. Na3 Rd8 33. Kh2 Rxd3 34. Nc4 Rxd1 35. Rxb2 Rxb2 36. Nxb2 a3 37. Nxd1 a2
0-1

[Event "Practice your practise"]
[Site "SchemingMind.com"]
[Date "2013.04.14"]
[Round "-"]
[White "eun77"]
[Black "Archon"]
[Result "0-1"]
[WhiteCountry "ISR"]
[BlackCountry "CAN"]
[WhiteElo "1373"]
[WhiteRD "54"]
[BlackElo "1694"]
[BlackRD "57"]
[GameID "330277"]

1. c4 d6 2. d3 g6 3. e4 Bg7 4. h3 c5 5. Nf3 Nc6 6. Be2 a6 7. O-O e6 8. Nc3 Nge7 9. Be3 O-O 10. Nh2 Nd4
11. Bxd4 Bxd4 12. Nf3 Bg7 13. Rc1 Bd7 14. Nh2 Nc6 15. a3 Nd4 16. Nf3 Rc8 17. Nxd4 Bxd4 18. Bf3 Bc6 19. Qd2 Qf6 20. Ne2 Bxb2
21. Rb1 Bxa3 22. Ra1 Bb4 23. Qc2 a5 24. Rfb1 Rfd8 25. Nc1 Bc3 26. Ra3 Bb4 27. Ra2 Qg7 28. Bd1 b5 29. cxb5 Bxb5 30. Qb2 Qxb2
31. Raxb2 Kf8 32. Be2 Bc6 33. Na2 Ke7 34. Nxb4 cxb4 35. Bd1 Bb5 36. Bc2 Rxc2 37. Rxc2 Bxd3 38. Rc7+ Rd7 39. Rxd7+ Kxd7 40. Ra1 b3
41. Rxa5 b2 42. Ra7+ Ke8 43. Ra8+ Ke7 44. Ra7+ Kf6 45. Rb7 b1=Q+ 46. Rxb1 Bxb1
0-1

[Event "Practice your practise"]
[Site "SchemingMind.com"]
[Date "2013.04.14"]
[Round "-"]
[White "eun77"]
[Black "ray winteringham"]
[Result "0-1"]
[WhiteCountry "ISR"]
[BlackCountry "ENG"]
[WhiteElo "1360"]
[WhiteRD "56"]
[BlackElo "1539"]
[BlackRD "50"]
[GameID "330278"]

1. Nf3 Nc6 2. e4 e5 3. d3 Be7 4. Be2 Nf6 5. O-O O-O 6. c3 d5 7. exd5 Nxd5 8. h3 Bh4 9. Nxh4 Qxh4 10. Bg4 Bxg4
11. Qxg4 Qxg4 12. hxg4 f6 13. Nd2 f5 14. gxf5 Rxf5 15. Ne4 Raf8 16. Ng3 R5f7 17. Be3 b6 18. Rac1 Nce7 19. a3 Nc6 20. c4 Nf4
21. Bxf4 exf4 22. Ne4 Nd4 23. f3 Ne2+ 24. Kf2 Nxc1 25. Rxc1 h6 26. Nd2 g5 27. Ne4 Rd7 28. Ke2 Rfd8
0-1

[Event "Practice your practise"]
[Site "SchemingMind.com"]
[Date "2013.04.14"]
[Round "-"]
[White "eun77"]
[Black "kubinet"]
[Result "1-0"]
[WhiteCountry "ISR"]
[BlackCountry "GER"]
[WhiteElo "1373"]
[WhiteRD "54"]
[BlackElo "1305"]
[BlackRD "57"]
[GameID "330279"]

1. e4 c5 2. d3 Nc6 3. Nf3 g6 4. Be2 Bg7 5. O-O d6 6. h3 Nf6 7. c3 O-O 8. Nh2 Bd7 9. Bg4 Ne5 10. Bxd7 Qxd7
11. Be3 Qb5 12. d4 cxd4 13. cxd4 Nc4 14. Na3
1-0

[Event "Practice your practise"]
[Site "SchemingMind.com"]
[Date "2013.04.14"]
[Round "-"]
[White "cnile"]
[Black "eun77"]
[Result "1/2-1/2"]
[WhiteCountry "SCO"]
[BlackCountry "ISR"]
[WhiteElo "1507"]
[WhiteRD "63"]
[BlackElo "1373"]
[BlackRD "54"]
[GameID "330280"]

1. d4 d5 2. c4 c6 3. Nc3 e6 4. Nf3 h6 5. Bf4 Be7 6. cxd5 cxd5 7. Qd2 Nf6 8. Nb5 Na6 9. e3 O-O 10. a3 Nh5
11. Rc1 Nxf4 12. exf4 Bd7 13. Nc3 Nc7 14. Bd3 f5 15. O-O Bf6 16. Bb1 Nb5 17. Qd3 Nxc3 18. Rxc3 a6 19. Rfc1 Rc8 20. Ne5 Rxc3
21. Rxc3 Bxe5 22. fxe5 Bb5 23. Qf3 Be8 24. Qe3 Bc6 25. Bd3 Qd7 26. f4 Bb5 27. b4 Bxd3 28. Qxd3 Rc8 29. Kf2 Rxc3 30. Qxc3=
1/2-1/2

[Event "Practice your practise"]
[Site "SchemingMind.com"]
[Date "2013.04.14"]
[Round "-"]
[White "Archon"]
[Black "eun77"]
[Result "1-0"]
[WhiteCountry "CAN"]
[BlackCountry "ISR"]
[WhiteElo "1694"]
[WhiteRD "57"]
[BlackElo "1373"]
[BlackRD "54"]
[GameID "330281"]

1. Nf3 d5 2. e3 e6 3. b3 Nf6 4. Bb2 Be7 5. Bb5+ Bd7 6. Be2 O-O 7. O-O h6 8. c4 Nh7 9. Nc3 Bf6 10. d4 c6
11. Qc2 dxc4 12. bxc4 Be7 13. Rab1 f5 14. Ba1 Na6 15. Rxb7 Bc8 16. Rbb1 Bb7 17. c5 Nb4 18. Rxb4 Bc8 19. Rfb1 Ng5 20. Nxg5 Bxg5
21. Rb8 Rxb8 22. Rxb8 Qc7 23. Qb2 Bf6 24. Qb1 Qf7 25. Bf3 Bd7 26. Rxf8+ Qxf8 27. Qb7 Qe8 28. Ne2 e5 29. dxe5 Bxe5 30. Bxe5 Qxe5
31. g3 a5 32. Qxd7 Qxc5 33. Qe8+ Kh7 34. Bh5 Qd6 35. Nf4
1-0

[Event "Practice your practise"]
[Site "SchemingMind.com"]
[Date "2013.04.14"]
[Round "-"]
[White "ray winteringham"]
[Black "eun77"]
[Result "1-0"]
[WhiteCountry "ENG"]
[BlackCountry "ISR"]
[WhiteElo "1583"]
[WhiteRD "47"]
[BlackElo "1372"]
[BlackRD "62"]
[GameID "330282"]

1. d4 d5 2. Nf3 e6 3. c4 c6 4. Bf4 h6 5. e3 Bb4+ 6. Nbd2 Bxd2+ 7. Qxd2 Nf6 8. Bd3 O-O 9. c5 Ne8 10. O-O Nf6
11. b4 Ne4 12. Qc2 f5 13. Ne5 Qe8 14. Qc1 Nd7 15. Bg3 Nxg3 16. fxg3 Nxe5 17. dxe5 Qd8 18. Qd1 b6 19. cxb6 axb6 20. g4 fxg4
21. Qxg4 Rxf1+ 22. Rxf1 Qe7 23. Qg6 Ba6 24. Qh7#
1-0

[Event "Practice your practise"]
[Site "SchemingMind.com"]
[Date "2013.04.18"]
[Round "-"]
[White "The Capitalist"]
[Black "cnile"]
[Result "1-0"]
[WhiteCountry "USA"]
[BlackCountry "SCO"]
[WhiteElo "1580"]
[WhiteRD "87"]
[BlackElo "1533"]
[BlackRD "59"]
[GameID "330532"]

1. e4 e5 2. Nf3 Nc6 3. Bb5 a6 4. Ba4 Nf6 5. O-O b5 6. Bb3 Be7 7. d4 O-O 8. Nxe5 Nxe5 9. dxe5 Nxe4 10. Bd5 Bb7
11. Bxb7 Ra7 12. Bxe4 Bc5 13. Qd3 Re8 14. Bxh7+ Kf8 15. Bf5 d6 16. Qh3 Rxe5 17. Qh8+ Ke7 18. Bg5+ f6 19. Qxg7+ Ke8 20. Bg6#
1-0

[Event "Practice your practise"]
[Site "SchemingMind.com"]
[Date "2013.04.19"]
[Round "-"]
[White "The Capitalist"]
[Black "Archon"]
[Result "1-0"]
[WhiteCountry "USA"]
[BlackCountry "CAN"]
[WhiteElo "1580"]
[WhiteRD "87"]
[BlackElo "1675"]
[BlackRD "53"]
[GameID "330533"]

1. e4 d6 2. d4 Nf6 3. Nc3 g6 4. Nf3 Bg7 5. Be2 O-O 6. O-O Nc6 7. Be3 e5 8. d5 Nb8 9. Qd2 c6 10. dxc6 bxc6
11. Rad1 Ne8 12. Bc5 Qf6 13. Bxd6 Nxd6 14. Qxd6 Be6 15. Qc7 Na6 16. Bxa6 Bg4 17. Rd6 Qf4 18. Nd2 Qg5 19. Kh1 Bc8 20. Bc4 Be6
21. Bxe6 fxe6 22. Qxc6 Rac8 23. Qd7
1-0

[Event "Practice your practise"]
[Site "SchemingMind.com"]
[Date "2013.04.19"]
[Round "-"]
[White "The Capitalist"]
[Black "eun77"]
[Result "1-0"]
[WhiteCountry "USA"]
[BlackCountry "ISR"]
[WhiteElo "1560"]
[WhiteRD "80"]
[BlackElo "1318"]
[BlackRD "58"]
[GameID "330534"]

1. e4 e5 2. Nf3 d6 3. d4 exd4 4. Nxd4 Nc6 5. Bb5 Bd7 6. Nxc6 Bxc6 7. Bxc6+ bxc6 8. Qd3 Be7 9. Qc3 h6 10. Qxc6+ Kf8
11. Nc3 Nf6 12. O-O Rc8 13. Rd1 Qd7 14. Qa6 g5 15. f3 Kg7 16. e5 Nh7 17. exd6 cxd6 18. Be3 f6 19. Rd3 Nf8 20. g4 Rc6
21. Qxa7 Qxa7 22. Bxa7 Nd7 23. Re1 Bd8 24. Rde3 Ne5 25. b3 Ba5 26. Bd4 Bxc3 27. Rxc3 Rxc3 28. Bxc3 Rc8 29. Bxe5 dxe5 30. c4 Kf7
31. a4 Ke6 32. a5 Rb8 33. Rb1 Kd6 34. b4 Kc6 35. a6 Kb6 36. b5 Rd8 37. Ra1 Ra8 38. Kf2 Ra7 39. Rd1 Kc5 40. Rc1 Ra8
41. Kg3 Ra7 42. h4 Ra8 43. Rd1 Kxc4 44. Rb1 e4 45. fxe4 Kc5 46. hxg5 hxg5 47. Kf3 Kb6 48. Rd1 Kxb5 49. Rd6 Rf8 50. a7 Kc5
51. Ra6 Ra8 52. Ke3 Kb5 53. Rxf6
1-0

[Event "Practice your practise"]
[Site "SchemingMind.com"]
[Date "2013.04.19"]
[Round "-"]
[White "The Capitalist"]
[Black "ray winteringham"]
[Result "1-0"]
[WhiteCountry "USA"]
[BlackCountry "ENG"]
[WhiteElo "1469"]
[WhiteRD "93"]
[BlackElo "1514"]
[BlackRD "50"]
[GameID "330535"]

1. e4 e5 2. Nf3 d6 3. d4 exd4 4. Nxd4 Nf6 5. Nc3 c5 6. Bb5+ Bd7 7. Nf5 Bxb5 8. Nxb5 a6 9. Nbxd6+ Bxd6 10. Nxd6+ Ke7
11. e5 Nfd7 12. Qd5 Rf8 13. Nf5+ Ke8 14. Nxg7+ Ke7 15. Qd6#
1-0

[Event "Practice your practise"]
[Site "SchemingMind.com"]
[Date "2013.04.23"]
[Round "-"]
[White "The Capitalist"]
[Black "kubinet"]
[Result "1-0"]
[WhiteCountry "USA"]
[BlackCountry "GER"]
[WhiteElo "1581"]
[WhiteRD "88"]
[BlackElo "1319"]
[BlackRD "55"]
[GameID "330536"]

1. e4 c5 2. Nf3 d6 3. d4 cxd4 4. Nxd4 Nf6 5. Nc3 a6 6. Be3 e5 7. Nb3 Be7 8. f3 Be6 9. Qd2 O-O 10. O-O-O Qc7
11. g4 Nc6 12. Nd5 Bxd5 13. exd5 Nb8 14. Bd3 g6 15. Be4 Nxe4 16. fxe4 Nd7 17. Bh6 Rfe8 18. h4 Nf6 19. Qd3 Bf8 20. Bxf8
1-0

[Event "Practice your practise"]
[Site "SchemingMind.com"]
[Date "2013.04.18"]
[Round "-"]
[White "cnile"]
[Black "The Capitalist"]
[Result "0-1"]
[WhiteCountry "SCO"]
[BlackCountry "USA"]
[WhiteElo "1533"]
[WhiteRD "59"]
[BlackElo "1580"]
[BlackRD "87"]
[GameID "330537"]

1. d4 d5 2. c4 c6 3. Nc3 Nf6 4. Nf3 dxc4 5. e3 Bf5 6. Bxc4 e6 7. Nh4 Bg4 8. Qb3 b5 9. Bd3 Nfd7 10. Nf3 Nc5
11. dxc5 Bxf3 12. gxf3 Qxd3 13. Qd1 Qxd1+ 14. Kxd1 Na6 15. Ne4 f5 16. Nd6+ Bxd6 17. cxd6 Rd8 18. Ke2 Rxd6 19. e4 fxe4 20. fxe4 Nc5
21. Bf4 Rd7 22. f3 Nd3 23. Be3 Nxb2 24. Rab1 Nc4 25. Bc5 Rd2+ 26. Kf1 Rxa2 27. Rg1 Rg8 28. Rg2 Rxg2 29. Kxg2 a5 30. Kg3 h5
31. h4 g5 32. hxg5 Rxg5+ 33. Kh4 Rxc5
0-1

[Event "Practice your practise"]
[Site "SchemingMind.com"]
[Date "2013.04.19"]
[Round "-"]
[White "Archon"]
[Black "The Capitalist"]
[Result "1-0"]
[WhiteCountry "CAN"]
[BlackCountry "USA"]
[WhiteElo "1654"]
[WhiteRD "54"]
[BlackElo "1581"]
[BlackRD "88"]
[GameID "330538"]

1. Nf3 Nf6 2. c4 e6 3. g3 d5 4. Bg2 dxc4 5. Qc2 Nc6 6. Qxc4 Qd5 7. Qxd5 Nxd5 8. Nc3 Bd7 9. d3 f6 10. Bd2 Kf7
11. O-O Nxc3 12. bxc3 e5 13. d4 e4 14. Ne1 Re8 15. Nc2 h5 16. Ne3 h4 17. Rab1 b6 18. Rfc1 Bd6 19. Nc4 Rh5 20. Nxd6+ cxd6
21. Be3 Bg4 22. Kf1 h3 23. Bh1 d5 24. c4 dxc4 25. Rxc4 Rc8 26. Bxe4 Ne7 27. Rxc8 Nxc8 28. Rc1 Ra5 29. Rc2 Nd6 30. Rc7+ Kg8
31. Bb1 a6 32. Ke1 Rb5 33. Rc1 Nf7 34. f3 Be6 35. Bf2 f5 36. e4 fxe4 37. fxe4 Bg4 38. Bc2 Ra5 39. Bb3 Rh5 40. e5 Kf8
41. Be3 Ng5 42. Bxg5 Rxg5 43. Rc6 a5 44. Rxb6 Ke7 45. e6 Rg6 46. d5 Bf5 47. d6+ Kf6 48. e7 Bd7 49. Rb8 Rg5 50. e8=Q Bxe8
51. Rxe8 Rh5 52. d7
1-0

[Event "Practice your practise"]
[Site "SchemingMind.com"]
[Date "2013.04.19"]
[Round "-"]
[White "eun77"]
[Black "The Capitalist"]
[Result "0-1"]
[WhiteCountry "ISR"]
[BlackCountry "USA"]
[WhiteElo "1318"]
[WhiteRD "58"]
[BlackElo "1560"]
[BlackRD "80"]
[GameID "330539"]

1. d4 d5 2. e3 Nf6 3. h3 Bf5 4. Nf3 e6 5. Be2 Bd6 6. O-O Nbd7 7. Nh2 O-O 8. f4 Ne4 9. Qe1 c5 10. c3 cxd4
11. Nd2 Nxd2 12. Bxd2 d3 13. Bg4 Bg6 14. Bd1 Nf6 15. Ng4 Ne4 16. Bf3 Qb6 17. Bxe4 dxe4 18. b4 a5 19. a3 a4 20. Ne5 Bxe5
21. fxe5 f5 22. Kh1 Qc7 23. Qg3 b5 24. Rab1 Rf7 25. Qe1 Qxe5 26. Rb2 Rd8 27. Qd1 Rf6 28. Rf2 Rdf8 29. Qf1 Qd5 30. Kg1 h5
31. g3 Qe5 32. Rg2 R8f7 33. h4 Qd5 34. Qf2 e5 35. Qf1 Qe6 36. Qf2 Kh8 37. Qf1 Kh7 38. Qf2 Qd6 39. Qf1 Qd5 40. Qf2 Kh6
41. Kh2 Qd6 42. Kh1 Qd5 43. Kh2 f4 44. gxf4 exf4 45. exf4 Qd6 46. Be3 Qc6 47. Qd2 Rf5 48. Rg5 Rxg5 49. fxg5+ Kh7 50. Rb1 Qc7+
51. Kh1 Qg3 52. Bg1 Qh3+ 53. Qh2 Qxh2+ 54. Kxh2 d2 55. Rd1 Re7 56. Be3 Rf7 57. Rxd2 Rf3 58. Re2 Rf1 59. Ra2 Rf3
0-1

[Event "Practice your practise"]
[Site "SchemingMind.com"]
[Date "2013.04.19"]
[Round "-"]
[White "ray winteringham"]
[Black "The Capitalist"]
[Result "0-1"]
[WhiteCountry "ENG"]
[BlackCountry "USA"]
[WhiteElo "1583"]
[WhiteRD "47"]
[BlackElo "1580"]
[BlackRD "87"]
[GameID "330540"]

1. e4 c6 2. d4 d5 3. e5 Bf5 4. Bd3 Bxd3 5. Qxd3 e6 6. Nf3 Nd7 7. O-O Ne7 8. b3 c5 9. Be3 cxd4 10. Bxd4 Nc6
11. Bb2 Rc8 12. Nbd2 Nb4 13. Qb5 Rxc2 14. Ba3 Qb6 15. Qxb6 Nxb6 16. Rac1 Rxa2 17. Ra1 Rxa1 18. Rxa1 Nc2 19. Bxf8 Nxa1 20. Bxg7 Rg8
21. Bf6 Rg4 22. h3 Rb4 23. Ng5 h6 24. Ngf3 a5 25. Bg7 h5 26. Ne1 Nxb3 27. Nd3 Nxd2
0-1

[Event "Practice your practise"]
[Site "SchemingMind.com"]
[Date "2013.04.23"]
[Round "-"]
[White "kubinet"]
[Black "The Capitalist"]
[Result "0-1"]
[WhiteCountry "GER"]
[BlackCountry "USA"]
[WhiteElo "1319"]
[WhiteRD "55"]
[BlackElo "1581"]
[BlackRD "88"]
[GameID "330541"]

1. e4 c6 2. d4 d5 3. e5 Bf5 4. Nf3 e6 5. Be2 Nd7 6. O-O Ne7 7. Nh4 Bg6 8. Nxg6 hxg6 9. Bg5 f6 10. exf6 gxf6
11. Bf4 e5 12. dxe5 fxe5 13. Bg5 Bh6 14. Qd2 Bxg5 15. Qxg5 d4 16. Bd3 Nc5 17. Qxe5 Rh5 18. Bxg6+ Kf8 19. Bxh5 Nd7
0-1